Les plus grandes villes du Japon - Statistiques

Statistiques générales
  • Ce quiz a été pris 3 535 fois
  • Le résultat moyen est 8 sur 20
Statistiques - réponses
Population Villes % Correct
9 233 460 Tokyo
100%
2 694 392 Ōsaka
93%
1 469 107 Kyōto
92%
1 186 655 Hiroshima
79%
2 280 415 Nagoya
63%
1 934 675 Sapporo
62%
1 536 499 Kōbe
61%
3 718 913 Yokohama
54%
1 531 919 Fukuoka
47%
1 075 813 Sendai
34%
1 257 262 Saitama
28%
967 679 Chiba
24%
806 621 Niigata
20%
1 470 367 Kawasaki
18%
715 613 Okayama
17%
739 638 Kumamoto
16%
958 215 Kitakyūshū
15%
789 407 Hamamatsu
10%
838 541 Sakai
9%
723 573 Sagamihara
4%
Aucun quiz correspondant
Distribution des résultats
% des personnes avec chaque résultat
Percentile par nombre de réponses
Votre historique - résultats
Vous n’avez pas pris ce quiz